Critical multiculturalism (Record no. 12422)
[ view plain ]
| 000 -LEADER | |
|---|---|
| fixed length control field | 01417nam a2200349 a 4500 |
| 082 04 - DEWEY DECIMAL CLASSIFICATION NUMBER | |
| Classification number | 370.11/5 |
| 245 00 - TITLE STATEMENT | |
| Title | Critical multiculturalism |
| 260 ## - PUBLICATION, DISTRIBUTION, ETC. (IMPRINT) | |
| Place of publication | Westport, Conn. : |
| Name of publisher | Bergin & Garvey, |
| Year of publication | 1995. |
| 300 ## - PHYSICAL DESCRIPTION | |
| Number of Pages | xi, 267 p. |
| 490 1# - SERIES STATEMENT | |
| Series statement | Critical studies in education and culture series, |
| 650 #0 - SUBJECT ADDED ENTRY--TOPICAL TERM | |
| Topical Term | Critical pedagogy. |
| Topical Term | Multicultural education. |
| 700 1# - ADDED ENTRY--PERSONAL NAME | |
| Personal name | Kanpol, Barry. |
| Personal name | McLaren, Peter, |
| 856 40 - ELECTRONIC LOCATION AND ACCESS | |
| Uniform Resource Identifier | http://site.ebrary.com/lib/rucke/Doc?id=10018000 |
No items available.
